000 00534nmm a2200193Ia 4500
008 251105s9999||||xx |||||||||||||||||und||
020 _a9788498419504
041 _aspa
100 _aFlamigni, Carlo
245 0 _aCrimen en la colina
264 _a[Madrid, España] :
_bSiruela,
_c2013
300 _a196 páginas
490 _aNuevos Tiempos / Policiaca
650 _aThriller & Suspense
700 _aFlamigni, Carlo
700 1 _a Gumpert, Carlos
856 _uhttps://public.digitaliapublishing.com/a/31929
942 _cCF
999 _c65512
_d65512